000
00296nam a2200109Ia 4500
008
180205s9999 xx 000 0 und d
020
_a
340490683
100
_a
Arnold, Edward
245
_a
Practical infromation technology /
260
_a
Great Britain:
_b
Word star
_c
1989
300
_a
ix, 198 pages
999
_c
354654
_d
354654